Fast, well regarded and simple (Record no. 78531)

MARC details
000 -LEADER
fixed length control field 01176cab a22002055a 4500
001 - CONTROL NUMBER
control field L137056
008 - FIXED-LENGTH DATA ELEMENTS--GENERAL INFORMATION
fixed length control field 070312e2007 xxk 000 0 eng d
035 ## - SYSTEM CONTROL NUMBER
System control number (Sirsi) u137056
041 ## - LANGUAGE CODE
Language code of text/sound track or separate title eng
100 1# - MAIN ENTRY--PERSONAL NAME
Personal name Winter, Jeremy
245 ## - TITLE STATEMENT
Title Fast, well regarded and simple
Remainder of title the changed Construction Court
260 ## - PUBLICATION, DISTRIBUTION, ETC.
Date of publication, distribution, etc. 2007
490 #0 - SERIES STATEMENT
Series statement Construction News
Volume/sequential designation (7008) 8 March 2007, 29(1)
520 ## - SUMMARY, ETC.
Summary, etc. Looks at how the Technology and Construction Court (TCC) has changed since the introduction of the Housing Grants, Construction and Regeneration Act 1996 and statutory adjudication. Most importantly, the number of cases has dropped and the TCC is no longer overcrowded and slow. In addition, the processes of the TCC have been made more accessible through the Internet, the TCC's pre-action protocol, and its guide on conducting a TCC case. Concludes that the TCC could now be considered as the first line of recourse in a dispute.
590 ## - LOCAL NOTE (RLIN)
Local note KA
650 24 - SUBJECT ADDED ENTRY--TOPICAL TERM
Topical term or geographic name entry element HOUSING GRANTS, CONSTRUCTION AND REGENERATION ACT 1996
651 #4 - SUBJECT ADDED ENTRY--GEOGRAPHIC NAME
Geographic name England and Wales
Chronological subdivision 1543-
690 ## - LOCAL SUBJECT ADDED ENTRY--TOPICAL TERM (OCLC, RLIN)
Topical term or geographic name as entry element MANAGEMENT-DISPUTE AVOIDANCE, MANAGEMENT AND RESOLUTION-DISPUTE MANAGEMENT AND RESOLUTION
942 ## - ADDED ENTRY ELEMENTS (KOHA)
Suppress in OPAC 0
Holdings
Withdrawn status Lost status Source of classification or shelving scheme Damaged status Not for loan Home library Current library Shelving location Date acquired Total Checkouts Full call number Barcode Date last seen Copy number Price effective from Koha item type
    Dewey Decimal Classification     London London Journal article 12/03/2007   L137056 137056-1001 06/08/2019 1 06/08/2019 Journal article